00607nam a22001697a 4500008004100000040005500041080001800096100002500114245004300139260004200182300001600224650001400240653001200254942001200266999001700278952014200295230322b |||||||| |||| 00| 0 eng d aNational Science LibrarycNational Science Library aD 681.324bN81 aKing, Robert 94186 aMCSE exam notes: bExchange server 5.5 aNew Delhi: bBPB Publications, c1998 axxii, 343p. aComputer  aNetwork 2udccBK c16211d16211 00102udc406D_681324_N870924044aNSLbNSLcGF/Rk-4/C-13/R-4d2004-02-09l0oD 681.324 N8p180844r2023-03-29 00:00:00w2004-02-09yBK